Statistics for Countries that Start with I - Picture Quiz

Click here to take the quiz!

General Stats

  • This quiz has been taken 308 times
    (269 since last reset)
  • The average score is 7 of 9

Answer Stats

Answer% Correct
Iceland
96%
India
94%
Ireland
94%
Italy
93%
Israel
84%
Iraq
82%
Iran
79%
Indonesia
77%
Ivory Coast
42%

Score Distribution

Percentile by Number Answered

Percent of People with Each Score

Your Score History

You have not taken this quiz since the last reset